000 00648nam a2200181 a 4500
001 000036331
005 20200930075655.0
008 120113s1982 ag ac 000 0 spa d
020 _a9500620588
040 _aDO-SdBNP
_bspa
_cBNPHU
082 _axxx
_bR334a
100 1 _aReggini, Horacio C.
_962493
245 1 0 _aAlas para la mente :
_bLogo: un Lenguaje de computadoras y un estilo de pensar /
_cHoracio C. Reggini ; prólogo Hilario Fernández Loung.
260 _aArgentina :
_bEdiciones Galápago,
_c1982.
300 _a333 p. :
_bil., retrs. ;
_c22 cm.
590 _aInventariado, 2019/ YL
700 1 _aFernández Loung, Hilario,
_epról.
_962494
999 _c35822
_d35822